| 000 | 00733cam a2200229 a 4500 | ||
|---|---|---|---|
| 001 | 4978233 | ||
| 005 | 20251112190345.0 | ||
| 008 | 980116s1999 njua 001 0 eng | ||
| 020 | _a0137692749 | ||
| 020 | _a9780137692743 | ||
| 050 | 0 | 0 |
_aTK7868.D5 _bK55 1999 |
| 082 | 0 | 0 |
_a621.39/5 _221 |
| 100 | 1 | _aKleitz, William. | |
| 245 | 1 | 0 |
_aDigital electronics : _ba practical approach / _cWilliam Kleitz. |
| 250 | _a5th ed. | ||
| 260 |
_aUpper Saddle River, N.J. : _bPrentice Hall, _cc1999. |
||
| 300 |
_axxvi, 752 p. : _bill. (some col.) ; _c29 cm. + _e1 computer laser optical disc (4 3/4 in.) |
||
| 500 | _aOne diagram sheet inserted. | ||
| 500 | _aIncludes index. | ||
| 650 | 0 | _aDigital electronics. | |
| 942 |
_2lcc _cBK _e5th ed. _n0 |
||
| 999 |
_c8249 _d8249 |
||